[Event "Brasil Copel Telecom SESC 2018"]
[Site "Caioba Matinhos"]
[Date "2018.08.04"]
[Round "8"]
[White "Quintiliano Pinto, Renato R."]
[Black "Cadilhac, Igor Tokuichi Kikuc"]
[Result "1/2-1/2"]
[WhiteElo "2436"]
[BlackElo "2289"]
[Annotator "TA"]
[PlyCount "78"]
[EventDate "2018.08.01"]
[EventType "swiss"]
[EventCountry "BRA"]
[SourceTitle "playchess.com"]
[Source "ChessBase"]
[SourceQuality "1"]

{[%evp 23,78,-3,43,-37,0,-29,-21,-48,-55,-56,-61,-54,0,0,0,0,0,0,38,-45,0,0,0,-39,-38,-35,-4,-14,-14,-14,-14,-9,-5,-9,-8,-12,0,0,0,0,0,-17,-13,-19,-14,-18,-16,-21,-1,-3,-4,-1,-6,-4,0,-8,0]} 1. c4 {Krasenkow,M} e6 2. Nc3 d5 3. d4 Nf6 4. cxd5 exd5 5. Bg5 c6 6. e3 Be7 7. Qc2 O-O 8. Bd3 Nbd7 9. Nf3 Re8 10. h3 Ne4 11. Bxe4 {D36: Queen's Gambit Declined: Exchange Variation: Main line (5 Bg5 c6 6 Qc2)} dxe4 12. Nxe4 Qa5+ {LiveBook: 15 Games} 13. Kd1 $146 (13. Kf1 $14) ({Predecessor:} 13. Kf1 Bf8 14. Bf4 Qf5 15. Nfd2 Nb6 16. Rc1 Nd5 17. g4 Qg6 18. Nd6 Rd8 19. Qxg6 hxg6 20. Nxc8 Nxf4 21. exf4 Rxd4 {0-1 (40) Van Wely,L (2641)-Carlsen,M (2810) Wijk aan Zee 2010 CBM 135 [Krasenkow,M]}) 13... f6 14. Bf4 Nb6 15. Nd6 Bxd6 $1 16. Bxd6 Be6 17. b3 Nd5 ({Black should try} 17... Rac8 $15) 18. Qd2 $11 Qa6 19. e4 $36 {[%mdl 2048] White has some pressure.} Nb6 {[#] Strongly threatening ...Bxb3+!} 20. Rc1 Rad8 21. Bb4 (21. Bc7 $14 Rc8 22. Bxb6 axb6 23. Re1) 21... Nd7 {[%mdl 1024] Black has compensation.} (21... Bf7 $5 {[%cal Re8e4]}) 22. Re1 Ne5 23. Rc3 b6 24. Qe2 Qb7 {[#] Threatens to win with ...Nxf3.} 25. Kc1 $1 {The position is equal.} Nxf3 26. Rxf3 Rxd4 27. Bc3 Rd7 28. Rg3 Qc7 29. Kb2 Qf4 30. Qe3 Qxe3 31. Rexe3 Kf7 32. f4 {f5 is the strong threat.} Rd1 33. f5 Bc8 34. Rgf3 c5 35. Rf2 Bb7 36. e5 fxe5 37. Rxe5 Rxe5 38. Bxe5 Rg1 39. g3 Rg2 {Precision: White = 59%, Black = 41%.} 1/2-1/2

[Event "Brasil Copel Telecom SESC 2018"]
[Site "Caioba Matinhos"]
[Date "2018.08.04"]
[Round "8"]
[White "Umetsubo, Cesar Hidemitsu"]
[Black "Santiago, Yago De Moura"]
[Result "1/2-1/2"]
[WhiteElo "2404"]
[BlackElo "2460"]
[Annotator "ChessBase"]
[PlyCount "64"]
[EventDate "2018.08.01"]
[EventType "swiss"]
[EventCountry "BRA"]
[SourceTitle "playchess.com"]
[Source "ChessBase"]
[SourceQuality "1"]
[TimeControl "5400+30"]

1. d4 {[%emt 0:01:17]} d5 {[%emt 0:00:50]} 2. Nf3 {[%emt 0:01:12]} Nf6 {[%emt 0:00:09]} 3. Bf4 {[%emt 0:01:05]} e6 {[%emt 0:00:13]} 4. e3 {[%emt 0:00:07]} c5 {[%emt 0:00:06]} 5. c3 {[%emt 0:00:12]} Nc6 {[%emt 0:00:06]} 6. Nbd2 {[%emt 0:00:34]} cxd4 {[%emt 0:01:21]} 7. exd4 {[%emt 0:00:43]} Nh5 {[%emt 0:00:15]} 8. Be3 {[%emt 0:05:36]} Bd6 {[%emt 0:01:09]} 9. g3 {[%emt 0:00:11]} O-O {[%emt 0:01:20]} 10. Bd3 {[%emt 0:00:30]} g6 {[%emt 0:00:25]} 11. O-O {[%emt 0:01:11]} f6 {[%emt 0:03:48]} 12. c4 {[%emt 0:15:07]} Ng7 {[%emt 0:17:02]} 13. Re1 {[%emt 0:02:32]} Re8 {[%emt 0:06:28]} 14. Rc1 {[%emt 0:04:12]} Nb4 {[%emt 0:02:09]} 15. Bb1 {[%emt 0:00:44]} dxc4 {[%emt 0:00:21]} 16. Nxc4 {[%emt 0:01:11]} Bf8 {[%emt 0:00:44]} 17. Bd2 {[%emt 0:11:32]} Bd7 {[%emt 0:16:41]} 18. Qb3 {[%emt 0:05:25]} a5 {[%emt 0:06:48]} 19. Ne3 {[%emt 0:10:28]} a4 {[%emt 0:09:58]} 20. Qd1 {[%emt 0:06:45]} Bc6 {[%emt 0:00:22]} 21. a3 {[%emt 0:05:02]} Nd5 {[%emt 0:00:25]} 22. Ba2 {[%emt 0:01:25]} Nxe3 {[%emt 0:02:23]} 23. Bxe3 {[%emt 0:02:08]} Bd5 {[%emt 0:01:08]} 24. Bxd5 {[%emt 0:01:32]} Qxd5 {[%emt 0:00:23]} 25. Nd2 {[%emt 0:01:51]} Qb5 {[%emt 0:08:27]} 26. Ne4 {[%emt 0:01:25]} Be7 {[%emt 0:04:13]} 27. Qe2 {[%emt 0:01:10]} Qd7 {[%emt 0:02:55]} 28. Nc5 {[%emt 0:02:30]} Bxc5 {[%emt 0:02:46]} 29. dxc5 {[%emt 0:09:02]} Qc6 {[%emt 0:03:35]} 30. Rc4 Nf5 {[%emt 0:00:01]} 31. Bd2 {[%emt 0:00:08]} Qd5 {[%emt 0:00:06]} 32. Rcc1 Ng7 {[%emt 0:00:03]} 1/2-1/2

[Event "Brasil Copel Telecom SESC 2018"]
[Site "Caioba Matinhos"]
[Date "2018.08.04"]
[Round "8"]
[White "Rodrigues, Edgar"]
[Black "Supi, Luis Paulo"]
[Result "1-0"]
[WhiteElo "2301"]
[BlackElo "2565"]
[Annotator "TA"]
[PlyCount "99"]
[EventDate "2018.08.01"]
[EventType "swiss"]
[EventCountry "BRA"]
[SourceTitle "playchess.com"]
[Source "ChessBase"]
[SourceQuality "1"]

{[%evp 14,99,30,30,48,0,8,8,0,8,7,-20,-29,-25,-19,-18,11,8,35,26,63,0,16,0,14,8,143,139,132,48,41,0,0,1,-103,0,35,37,48,73,21,12,46,54,47,55,95,82,93,90,103,83,109,106,85,96,75,62,179,182,198,106,208,206,441,329,793,782,725,680,851,847,846,825,784,766,1044,1038,1033,1013,1012,959,1860,1888,1833,1785,1562,1445]} 1. e4 c5 2. Nf3 e6 3. d4 cxd4 4. Nxd4 a6 5. Nc3 b5 6. Bd3 Qb6 7. Nb3 Qc7 8. Qf3 {LiveBook: 9 Games. B43: Sicilian: Kan Variation: 5 Nc3} (8. O-O Nf6 9. Qe2 d6 10. Bd2 Nc6 11. a4 b4 12. Na2 Qb7 13. Rab1 Be7 14. c3 bxc3 15. bxc3 Ne5 16. Bc2 Qc7 17. a5 {½-½ (53) Ponomariov,R (2731)-Vachier Lagrave,M (2745) Beijing 2013}) 8... Nc6 9. Bf4 d6 10. O-O $146 {The position is equal.} ({Predecessor:} 10. O-O-O Ne5 11. Qe2 Nf6 12. Bg3 Be7 13. f4 Nxd3+ 14. Rxd3 b4 15. Nd1 Bb7 {0-1 (47) Popovic,A (2300)-Simantsev,M (2527) Paracin 2009}) 10... Ne5 11. Qg3 Nf6 12. Bd2 Bb7 13. Rae1 Be7 14. f4 Nxd3 15. cxd3 b4 16. Ne2 O-O 17. Rc1 ({Better is} 17. f5 $1 $14) 17... Qb6+ 18. Be3 Qd8 19. Ned4 Nd7 (19... a5 $11 {remains equal.}) 20. f5 $1 $16 {[%cal Rf5e6]} e5 {[#]} 21. Bh6 ({Only move:} 21. f6 $1 $16 {[%mdl 512]} Bxf6 (21... Nxf6 22. Nf5) 22. Nf5) 21... Bf6 $14 {[#]} 22. Bxg7 $1 {[%mdl 512]} Bxg7 {[#]} 23. f6 $1 $40 {[%mdl 640] Black needs to defend precisely.} Nxf6 24. Nf5 {[%csl Gf5][%cal Rg3g7]} Nh5 25. Qg4 {Strongly threatening Nh6+.} Bc8 {And now ...Bxf5 would win.} 26. Nh6+ (26. Qxh5 $5 {[%cal Rc1c8]} Bxf5 27. Qxf5 $14 (27. Rxf5 Rc8 $14)) 26... Kh8 27. Qxh5 Bxh6 28. Qxh6 Be6 29. d4 {[%cal Bd3d4,Bd4d5][%mdl 32] Hoping for d5.} f6 30. d5 Bd7 31. Rf3 Bb5 32. Rc2 Ra7 33. Rcf2 {[%cal Rf3f6]} Raf7 34. h3 a5 35. Na1 {[%cal Bb3a1,Ba1c2,Bc2e3][%mdl 32]} Bd7 (35... Qd7 $14) 36. Nc2 $1 $18 Qb6 {[#]} 37. g4 ({White should try} 37. Ne3 $1 $18) 37... Qc5 {[#]} (37... Rg8 $16 {might work better.}) 38. Ne3 $1 {[%cal Rf3f6]} Qc1+ $2 (38... Bb5 39. Kh2 (39. Rxf6 Rxf6 40. Rxf6 Qc1+ 41. Kh2 Qd2+ 42. Kh1 Qc1+ 43. Kh2 Qd2+ 44. Ng2 Qxh6 $11) 39... Qc1) 39. Kg2 Qb1 $2 (39... Bb5 40. Nf5 (40. Rxf6 Rxf6 41. Rxf6 Qd2+ 42. Kg3 Qe1+ 43. Kg2 Qd2+ 44. Kg3 Qe1+ 45. Kh2 Qd2+ 46. Kh1 Qc1+ 47. Kh2 Qd2+ 48. Kh1 Qc1+ 49. Kh2 Qd2+ $11) 40... Qc7) 40. Rxf6 {White is clearly winning.} Qxe4+ 41. Kg3 Rxf6 42. Rxf6 {[%cal Rf6f8]} Qxe3+ 43. Qxe3 Rxf6 {[%mdl 4096] Endgame KQ-KRB} 44. Qa7 Ba4 45. Qxa5 Bd1 46. Qxb4 Kg7 47. a4 {[%cal Ba2a4,Ba4a5][%mdl 32]} Rf3+ 48. Kh4 Rf6 49. a5 Be2 50. Qb7+ {Precision: White = 67%, Black = 31%.} 1-0

[Event "Brasil Copel Telecom SESC 2018"]
[Site "Caioba Matinhos"]
[Date "2018.08.05"]
[Round "9"]
[White "Granda Zuniga, Julio E"]
[Black "Santiago, Yago De Moura"]
[Result "1-0"]
[WhiteElo "2631"]
[BlackElo "2460"]
[Annotator "TA"]
[PlyCount "59"]
[EventDate "2018.08.01"]
[EventType "swiss"]
[EventCountry "BRA"]
[SourceTitle "playchess.com"]
[Source "ChessBase"]
[SourceQuality "1"]

{[%evp 18,59,0,0,0,-8,0,-13,-9,-33,2,8,0,12,44,39,39,49,143,136,172,166,218,217,225,183,402,412,470,463,468,447,806,777,952,578,584,575,582,580,570,570,548,530]} 1. c4 Nf6 2. g3 e6 3. Bg2 d5 4. Nf3 d4 5. O-O c5 6. e3 Nc6 7. exd4 cxd4 8. d3 Bd6 9. b3 O-O {A13: English Opening: 1...e6} 10. Ba3 {LiveBook: 12 Games} (10. Re1 e5 11. Bg5 h6 12. Bxf6 Qxf6 13. a3 a5 14. Nbd2 Bf5 15. Ne4 Qe7 16. Nh4 Bh7 17. Nxd6 Qxd6 {½-½ (118) Zvjaginsev,V (2661)-Wagner,D (2571) Minsk 2017}) 10... a5 $146 ({Predecessor:} 10... e5 11. b4 Re8 12. b5 Na5 {½-½ (21) Saric,A (2541)-Kovacevic,B (2493) Pozega 2018}) 11. Bxd6 Qxd6 {The position is equal.} 12. Nbd2 {[%cal Bb1d2,Bd2e4,Be4d6][%mdl 32]} e5 13. Ng5 Bf5 14. Nge4 Nxe4 15. Nxe4 Qg6 16. Qd2 Rae8 17. a3 Bc8 {[#]} ({Black should try} 17... Bxe4 $14 18. Bxe4 Qd6) 18. c5 $1 $16 f5 19. Nd6 Re7 {[#]} (19... Rd8 $142 20. b4 Rxd6) 20. b4 $1 $18 {[%cal Bb3b4,Bb4b5][%mdl 32]} e4 21. dxe4 {Hoping for b5.} fxe4 $2 (21... f4 {might work better.} 22. b5 Ne5 23. Qxd4 f3) 22. Rae1 Bf5 23. b5 {White is clearly winning.} Ne5 24. Qxd4 Bh3 (24... Nf7 $142 25. Nxf5 Qxf5 26. Bxe4 Rd7 27. Bxf5 Rxd4) 25. Rxe4 Qh5 26. Rxe5 Qxe5 27. Qxe5 Rxe5 28. Bxh3 Rxc5 29. Be6+ Kh8 30. Nf7+ {Precision: White = 82%, Black = 32%.} 1-0

[Event "Brasil Copel Telecom SESC 2018"]
[Site "Caioba Matinhos"]
[Date "2018.08.05"]
[Round "9"]
[White "Di Berardino, Diego Rafael"]
[Black "Brito, Luismar"]
[Result "1/2-1/2"]
[WhiteElo "2528"]
[BlackElo "2356"]
[Annotator "TA"]
[PlyCount "17"]
[EventDate "2018.08.01"]
[EventType "swiss"]
[EventCountry "BRA"]
[SourceTitle "playchess.com"]
[Source "ChessBase"]
[SourceQuality "1"]

{[%evp 12,17,17,0,79,88,90,86]} 1. e4 c5 2. Nf3 d6 3. d4 cxd4 4. Nxd4 Nf6 5. Nc3 a6 6. a3 e6 {B90: Sicilian Najdorf: Unusual White 6th moves, 6 Be3 Ng4 and 6 Be3 e5} (6... e5 7. Nf3 Be7 8. Bc4 O-O 9. Bg5 Be6 10. Bxf6 Bxc4 11. Bxe7 Qxe7 12. Nd2 Be6 13. Nf1 Nd7 14. Ne3 Nf6 15. O-O Rac8 16. Qd3 Rc6 17. Rfd1 Rfc8 18. f3 g6 19. Kh1 Kg7 20. Qd2 {½-½ (20) Anand,V (2782)-Nepomniachtchi,I (2729) Riadh 2017}) 7. g4 {[%cal Bg2g4,Bg4g5][%mdl 32] LiveBook: 6 Games} Nc6 $146 {[#]} (7... e5 $11 8. Nf5 h5) ({Predecessor:} 7... b5 8. g5 Nfd7 9. Be3 Bb7 10. Qd2 Nb6 11. O-O-O N8d7 12. f4 Nc5 13. Qe1 Rc8 14. f5 Nxe4 15. Nxe4 Bxe4 16. fxe6 Bxh1 17. exf7+ Kxf7 18. Ne6 Rxc2+ 19. Kxc2 {½-½ (34) Sattarov,B (2396)-Levin,E (2543) Tashkent 2018}) 8. g5 $1 $16 {[%cal Rg5f6]} Nd7 9. Be3 1/2-1/2

[Event "Brasil Copel Telecom SESC 2018"]
[Site "Caioba Matinhos"]
[Date "2018.08.05"]
[Round "9"]
[White "Rodriguez Vila, Andres"]
[Black "Perdomo, Leandro"]
[Result "1/2-1/2"]
[WhiteElo "2487"]
[BlackElo "2478"]
[Annotator "TA"]
[PlyCount "36"]
[EventDate "2018.08.01"]
[EventType "swiss"]
[EventCountry "BRA"]
[SourceTitle "playchess.com"]
[Source "ChessBase"]
[SourceQuality "1"]

{[%evp 17,18,9,19]} 1. e4 e5 2. Nf3 Nc6 3. Bc4 Nf6 4. d3 Be7 5. O-O O-O 6. Re1 d6 7. a4 Be6 8. Nbd2 Qd7 9. a5 a6 {LiveBook: 43 Games} {Predecessor:} 10. c3 $146 h6 11. Qb3 Rab8 12. h3 Kh8 13. Nf1 Nh5 14. d4 Bxc4 15. Qxc4 f5 16. dxe5 Nxe5 17. Qe2 Ng6 18. exf5 Rxf5 {½-½ (44) Heberla,B (2558)-Wang,H (2706) Czech Republic 2018} 1/2-1/2

[Event "Brasil Copel Telecom SESC 2018"]
[Site "Caioba Matinhos"]
[Date "2018.08.05"]
[Round "9"]
[White "Stamenkovic, Dragan"]
[Black "Cubas, Jose Fernando"]
[Result "1/2-1/2"]
[WhiteElo "2383"]
[BlackElo "2489"]
[Annotator "TA"]
[PlyCount "91"]
[EventDate "2018.08.01"]
[EventType "swiss"]
[EventCountry "BRA"]
[SourceTitle "playchess.com"]
[Source "ChessBase"]
[SourceQuality "1"]

{[%evp 14,91,0,-2,14,-5,-6,-14,0,-10,-10,-14,-13,-17,0,-16,-10,-8,-10,-15,-11,-20,-17,-17,-12,-44,-36,-31,-20,-59,-65,-60,-57,-129,-129,-101,-79,-81,0,0,0,0,0,-2,0,-24,0,-6,0,0,0,0,0,0,0,0,0,0,0,0,0,0,0,0,0,0,0,0,0,0,0,0,0,0,0,0,0,0,0,0]} 1. d4 Nf6 2. Bg5 d5 3. Bxf6 exf6 4. e3 Bd6 5. Bd3 c6 6. Nd2 O-O 7. Qf3 {D00: Damenbauernspiele} a5 8. Ne2 {LiveBook: 3 Partien} Re8 (8... Na6 9. c3 Nc7 10. h4 Re8 11. g4 Ne6 12. O-O-O b5 13. Rdg1 g6 14. h5 Ng5 {½-½ (43) Mamedyarov,S (2809)-Kramnik,V (2800) Moscow 2018}) 9. c3 $146 ({Vorgänger:} 9. g4 Na6 10. c3 c5 11. O-O-O c4 12. Bc2 Be6 13. h4 Qd7 14. Rdg1 {1-0 (36) Svensen,T (2119)-Ofstad,P (2214) Oslo 2004}) 9... Nd7 {[%cal Bb8d7,Bd7f8,Bf8e6][%mdl 32]} 10. O-O Nf8 11. e4 Ne6 12. h4 dxe4 13. Nxe4 Be7 14. g3 g6 15. Rfe1 h5 16. Nf4 Nxf4 17. Qxf4 Be6 18. a3 Kg7 19. Re2 Qd7 20. Rae1 c5 {[%cal Bc6c5,Bc5c4][%mdl 32]} 21. a4 {[#] Und weiter mit Lb5 wäre nett.} c4 $1 {[%cal Rc4d3]} 22. Bc2 Bd5 23. Nc5 (23. f3 $15) 23... Bxc5 $1 $17 ({Minderwertig wäre} 23... Qh3 24. Be4 $16) 24. dxc5 Rxe2 25. Rxe2 Re8 (25... Rd8 $17) 26. Rxe8 $11 Qxe8 27. Kf1 Qe6 28. Bd1 Bc6 29. Qd4 Bd5 30. Qf4 {Die Stellung ist ausgeglichen.} Bc6 (30... b6 {with more complications.} 31. Qd6 bxc5 32. Qxc5 Be4 33. Qd4 Bd3+) 31. Bf3 Qe5 32. Qxe5 fxe5 {[%mdl 4096] Endspiel KL-KL} 33. Be2 Bd5 34. f3 {[%cal Bf2f3,Bf3f4][%mdl 32]} Kf6 35. Kf2 Ke7 36. Ke3 Kd7 37. f4 Ke6 38. Bf1 f6 39. Bh3+ Ke7 40. Bf1 Kd7 41. Be2 Ke6 42. Bf1 Kd7 43. Be2 Ke7 44. Bf1 Kf7 45. Be2 Ke6 46. Bf1 {Precision: Weiß = 59%, Schwarz = 72%.} 1/2-1/2

[Event "Brasil Copel Telecom SESC 2018"]
[Site "Caioba Matinhos"]
[Date "2018.08.05"]
[Round "9"]
[White "Languidey, Simon Alejandro"]
[Black "Carneiro, Vitor Roberto Castr"]
[Result "1-0"]
[WhiteElo "2381"]
[BlackElo "2429"]
[Annotator "TA"]
[PlyCount "139"]
[EventDate "2018.08.01"]
[EventType "swiss"]
[EventCountry "BRA"]
[SourceTitle "playchess.com"]
[Source "ChessBase"]
[SourceQuality "1"]

{[%evp 18,139,10,0,17,5,47,4,0,0,34,28,52,30,36,22,32,14,17,14,19,13,12,13,13,0,9,12,7,0,0,0,0,-5,19,0,0,-8,0,-28,24,18,37,10,10,0,14,-20,-11,-39,-17,-20,0,0,-11,-6,-14,-25,-8,-17,-17,-50,-37,-37,-17,-41,3,16,32,38,451,434,429,429,422,428,493,492,455,601,597,594,589,578,583,549,593,587,582,580,587,440,497,497,617,617,611,607,202,1008,997,982,1012,874,1227,1208,906,963,824,698,1202,1110,952,754,2371,2130,5057,4690,3097,2886,2339,1171,2288,2082]} 1. d4 Nf6 2. Nf3 d6 3. Bf4 g6 4. e3 Bg7 5. h3 O-O 6. Nbd2 b6 7. Be2 Bb7 8. O-O c5 9. c3 Nc6 10. a4 {LiveBook: 32 Games} a6 {A48: 1 d4 Nf6 2 Nf3 g6: Torre, London and Colle Systems} (10... Rc8 11. Bh2 Re8 12. Bd3 a6 13. Qe2 cxd4 14. exd4 e5 15. dxe5 dxe5 16. Ne4 Nxe4 17. Bxe4 f5 18. Rfd1 {1-0 (27) Karjakin,S (2783)-Nepomniachtchi,I (2751) chess.com INT 2017}) 11. Re1 Nd7 12. Bg3 $146 (12. d5 $5 {[%cal Rd5c6]} Nce5 13. e4 $14) ({Predecessor:} 12. Bg5 Re8 13. Qb3 Qc7 14. Nc4 Rab8 15. d5 Na5 16. Nxa5 bxa5 {1-0 (41) Crippa,G-Lapiccirella,M (2095) Ceriano Laghetto 1998}) 12... d5 {The position is equal.} 13. Qb3 Ra7 14. Qa3 cxd4 15. exd4 e6 16. Qd6 (16. Bd3 {is more complex.} Re8 17. Re3 Ra8 18. Nb3 a5 19. Nbd2) 16... Re8 17. Qc7 Qxc7 18. Bxc7 Bf8 19. Nb3 f6 20. Bg3 Raa8 21. Bf1 Kf7 22. Rac1 Rac8 23. Nfd2 Kg7 24. Ra1 Nd8 25. Re3 Kf7 26. Ree1 Kg7 27. Re3 Kg8 28. Re2 g5 (28... Nf7 $142) 29. h4 h6 30. hxg5 hxg5 31. Nf3 Nf7 {[%cal Bd8f7,Bf7d6,Bd6f5][%mdl 32]} 32. Ree1 Nd6 33. Bd3 Kf7 34. Nbd2 Nb8 35. Nh2 Nf5 36. Bxb8 Rxb8 37. Ng4 Nd6 38. Re3 {[%cal Be1e3,Be3f3,Bf3f6][%mdl 32]} Bg7 39. Rae1 a5 40. b3 Bc8 41. c4 Bd7 42. Rf3 $36 {[%mdl 2048] Black is under pressure.} Nf5 43. cxd5 Kg8 $2 {[%mdl 8192] [#]} ({Black should play} 43... Nxd4 $14 44. Ne5+ Ke7) 44. dxe6 $18 Nxd4 45. Nxf6+ Bxf6 46. Rxf6 Bxe6 47. Re5 Kg7 48. Ne4 Bf5 49. Rexf5 Nxf5 50. Rxf5 Rbd8 51. Rxg5+ Kf8 52. Rg3 Rd4 53. Re3 Rb4 54. Bc2 Rc8 55. Re2 Rxc2 56. Rxc2 Rxe4 {[%mdl 4096] Endgame KR-KR} 57. Rc3 Re1+ 58. Kh2 Re4 {White is clearly winning.} 59. Kg3 Rb4 60. f4 Ke7 61. Kf3 Kf6 62. g4 {[%cal Bg2g4,Bg4g5][%mdl 32]} Kg6 63. Kg3 Kf6 64. Rd3 Kg6 65. g5 Kf5 66. Rd5+ Kg6 67. Rb5 Rd4 68. Rxb6+ Kf5 69. Rf6+ Ke4 70. Kg4 {Precision: White = 58%, Black = 40%.} 1-0

[Event "Brasil Copel Telecom SESC 2018"]
[Site "Caioba Matinhos"]
[Date "2018.08.05"]
[Round "9"]
[White "Almiron, Antonio"]
[Black "Umetsubo, Cesar Hidemitsu"]
[Result "1/2-1/2"]
[WhiteElo "2351"]
[BlackElo "2404"]
[Annotator "NA"]
[PlyCount "95"]
[EventDate "2018.08.01"]
[EventType "swiss"]
[EventCountry "BRA"]
[SourceTitle "playchess.com"]
[Source "ChessBase"]
[SourceQuality "1"]
[TimeControl "5400+30"]

1. d4 {[%emt 0:09:53]} d6 {[%emt 0:00:00]} 2. Nf3 {[%emt 0:00:32]} Nf6 {[%emt 0:03:30]} 3. Bf4 {[%emt 0:06:26]} g6 {[%emt 0:00:58]} 4. e3 {[%emt 0:02:13]} Bg7 {[%emt 0:02:43]} 5. Be2 {[%emt 0:00:00]} O-O {[%emt 0:00:06]} 6. O-O {[%emt 0:00:00]} c5 {[%emt 0:03:28]} 7. c3 {[%emt 0:00:00]} Qb6 {[%emt 0:01:39]} 8. Qb3 {[%emt 0:00:00]} Be6 {[%emt 0:02:51]} 9. Qa3 {[%emt 0:19:36]} Rc8 {[%emt 0:03:21]} 10. Nbd2 {[%emt 0:04:03]} Nc6 {[%emt 0:03:21]} 11. dxc5 {[%emt 0:00:00]} Qxc5 {[%emt 0:16:52]} 12. Qxc5 {[%emt 0:00:00]} dxc5 {[%emt 0:00:11]} 13. Ng5 {[%emt 0:04:09]} Bd7 {[%emt 0:04:20]} 14. Bc4 {[%emt 0:00:20]} Be8 {[%emt 0:06:48]} 15. h3 {[%emt 0:00:00]} Rd8 {[%emt 0:10:26]} 16. Nb3 {[%emt 0:04:29]} b6 {[%emt 0:05:54]} 17. Ba6 $11 {[%emt 0:10:56]} Nd5 {[%emt 0:00:00]} 18. Bh2 {[%emt 0:00:23]} e5 {[%emt 0:00:00]} 19. Nf3 {[%emt 0:02:12]} f6 {[%emt 0:02:45]} 20. Rfd1 {[%emt 0:01:35]} Nc7 {[%emt 0:02:35]} 21. Be2 {[%emt 0:03:41]} Bf8 {[%emt 0:02:11]} 22. g4 {[%emt 0:09:24]} Ne6 {[%emt 0:04:45]} 23. Bc4 {[%emt 0:00:00]} Bf7 {[%emt 0:01:19]} 24. Ba6 {[%emt 0:03:36]} Rab8 {[%emt 0:00:44]} 25. Bb5 {[%emt 0:02:22]} Rbc8 {[%emt 0:03:22]} 26. Ba6 {[%emt 0:00:00]} Rb8 {[%emt 0:01:39]} 27. Bb5 {[%emt 0:01:55]} Rbc8 {[%emt 0:02:16]} 28. Ba6 {[%emt 0:00:00]} Rxd1+ {[%emt 0:00:17]} 29. Rxd1 {[%emt 0:00:05]} Rd8 {[%emt 0:00:11]} 30. Rxd8 {[%emt 0:01:10]} Nexd8 {[%emt 0:02:41]} 31. Nfd2 {[%emt 0:01:56]} Be6 {[%emt 0:04:55]} 32. Kg2 {[%emt 0:00:00]} Kf7 {[%emt 0:00:00]} 33. f4 {[%emt 0:00:59]} e4 {[%emt 0:02:31]} 34. Nxe4 {[%emt 0:00:11]} Bd5 {[%emt 0:00:00]} 35. Nbd2 {[%emt 0:00:18]} f5 {[%emt 0:00:00]} 36. Bc4 {[%emt 0:04:18]} Ne7 {[%emt 0:01:11]} 37. Bxd5+ {[%emt 0:00:00]} Nxd5 {[%emt 0:00:01]} 38. Ng5+ {[%emt 0:00:00]} Kg8 {[%emt 0:01:10]} 39. Kf2 {[%emt 0:00:30]} Be7 {[%emt 0:01:52]} 40. Ngf3 {[%emt 0:01:42]} Nf6 {[%emt 0:05:47]} 41. gxf5 {[%emt 0:00:00]} gxf5 {[%emt 0:00:00]} 42. Bg3 {[%emt 0:00:00]} Nb7 {[%emt 0:00:00]} 43. Bh4 {[%emt 0:00:00]} Nd6 {[%emt 0:00:00]} 44. Ke2 {[%emt 0:02:00]} Nd5 {[%emt 0:02:06]} 45. Bxe7 {[%emt 0:00:00]} Nxe7 {[%emt 0:00:07]} 46. Kd3 {[%emt 0:00:00]} Nd5 {[%emt 0:01:05]} 47. a3 {[%emt 0:00:00]} Kf7 {[%emt 0:10:19]} 48. Ke2 {[%emt 0:00:00]} 1/2-1/2